El triste destino de Enrique IV y la Beltraneja / (Record no. 32846)
[ view plain ]
| 000 -LEADER | |
|---|---|
| campo de control de longitud fija | 00718nam a2200205 i 4500 |
| 001 - NÚMERO DE CONTROL | |
| campo de control | 32846 |
| 003 - IDENTIFICADOR DE NÚMERO DE CONTROL | |
| campo de control | ES-MaACL |
| 005 - FECHA Y HORA DE LA ÚLTIMA TRANSACCIÓN | |
| campo de control | 20251003195624.0 |
| 007 - CAMPO FIJO DE DESCRIPCIÓN FÍSICA--INFORMACIÓN GENERAL | |
| campo de control de longitud fija | t| |
| 008 - DATOS DE LONGITUD FIJA--INFORMACIÓN GENERAL | |
| campo de control de longitud fija | 030131m19401949sp ||||1| spa d |
| 100 1# - ENTRADA PRINCIPAL--NOMBRE DE PERSONA | |
| Nombre de persona | Bermejo de la Rica, Antonio. |
| 9 (RLIN) | 28102 |
| 245 13 - MENCIÓN DEL TÍTULO | |
| Título | El triste destino de Enrique IV y la Beltraneja / |
| Mención de responsabilidad, etc. | Antonio Bermejo de la Rica. |
| 260 ## - PUBLICACIÓN, DISTRIBUCIÓN, ETC. | |
| Lugar de publicación, distribución, etc. | Madrid : |
| Nombre del editor, distribuidor, etc. | Lepanto, |
| Fecha de publicación, distribución, etc. | [194-?] |
| 300 ## - DESCRIPCIÓN FÍSICA | |
| Extensión | 260 p., 16 lám. ; |
| Dimensiones | 22 cm. |
| 600 07 - PUNTO DE ACCESO ADICIONAL DE MATERIA--NOMBRE DE PERSONA | |
| Nombre de persona | Enrique, |
| Numeración | IV, |
| Títulos y otros términos asociados al nombre | Rey de Castilla |
| Fuente del encabezamiento o término | |
| 9 (RLIN) | 150161 |
| 600 04 - PUNTO DE ACCESO ADICIONAL DE MATERIA--NOMBRE DE PERSONA | |
| Nombre de persona | Trastámara, Juana de |
| Títulos y otros términos asociados al nombre | Infanta de Castilla. |
| 9 (RLIN) | 111241 |
| 651 #4 - PUNTO DE ACCESO ADICIONAL DE MATERIA--NOMBRE GEOGRÁFICO | |
| Nombre geográfico | Castilla (Reino)- |
| Subdivisión general | Historia- |
| Subdivisión cronológica | 1454-1474, Enrique IV |
| 9 (RLIN) | 7991 |
| 852 ## - LOCALIZACIÓN | |
| Ubicación | ES-MaACL |
| Número de control de estantería | C-5390 |
| Sublocalización o colección | R.25657 |
| Estatus retirado | Estado de pérdida | Estado de daño | No para préstamo | Biblioteca de origen | Biblioteca actual | Ubicación en estantería | Fecha de adquisición | Fuente de adquisición | Total de préstamos | Signatura topográfica completa | Código de barras | Visto por última vez | Precio de reemplazo | Tipo de ítem Koha |
|---|---|---|---|---|---|---|---|---|---|---|---|---|---|---|
| Biblioteca del Ateneo de Madrid | Biblioteca del Ateneo de Madrid | Sala Palomar | 17/01/2008 | C-5390 | 1034093 | 23/02/2023 | 23/02/2023 | Libro impreso |
